| 000 | 00583nam a22001937a 4500 | ||
|---|---|---|---|
| 003 | CEME | ||
| 005 | 20210628204820.0 | ||
| 008 | 200311b xxu||||| |||| 00| 0 eng d | ||
| 020 | _a9783642363900 | ||
| 040 | _cxx | ||
| 082 | _a629.892 FUK | ||
| 100 |
_aFukuda, Toshio. _969878 |
||
| 245 | _aMicro-nanorobotic manipulation system and their applications | ||
| 260 |
_aNew York _bSpringer _c2013 |
||
| 300 | _ax,334 P | ||
| 650 |
_aMicro-Nanorobotic Manipulation Systems and Their Applications _969879 |
||
| 700 |
_a Arai, Fumihito. Nakajima, Masahiro. _972526 |
||
| 942 |
_cBK _2ddc |
||
| 999 |
_c578530 _d578530 |
||